Ứng dụng xạ khuẩn trong phòng trị bệnh héo xanh trên cây khoai lang (Ipomoea batatas) do vi khuẩn Ralstonia solanacearum gây ra : Báo cáo tổng kết đề tài Khoa học và Công nghệ cấp trường

Nghiên cứu, tuyển chọn các chủng xạ khuẩn (vùng rễ cây khoai lang) có triển vọng trong quản lý bệnh héo xanh cây khoai lang do vi khuẩn Ralstonia solanacearum gây ra

Gorde:
Xehetasun bibliografikoak
Egile nagusia: Nguyễn, Hồng Quí
Formatua: Liburua
Hizkuntza:Undetermined
Argitaratua: Cần Thơ Trường Đại học Cần Thơ 2017
Gaiak:
Etiketak: Etiketa erantsi
Etiketarik gabe, Izan zaitez lehena erregistro honi etiketa jartzen!
Thư viện lưu trữ: Trung tâm Học liệu Trường Đại học Cần Thơ
LEADER 01077nam a2200217Ia 4500
001 CTU_230066
008 210402s9999 xx 000 0 und d
082 |a 635.22 
082 |b Qu300 
088 |a T2017-56 
100 |a Nguyễn, Hồng Quí 
245 0 |a Ứng dụng xạ khuẩn trong phòng trị bệnh héo xanh trên cây khoai lang (Ipomoea batatas) do vi khuẩn Ralstonia solanacearum gây ra : 
245 0 |b Báo cáo tổng kết đề tài Khoa học và Công nghệ cấp trường 
245 0 |c Nguyễn Hồng Quí (Chủ nhiệm đề tài) 
260 |a Cần Thơ 
260 |b Trường Đại học Cần Thơ 
260 |c 2017 
520 |a Nghiên cứu, tuyển chọn các chủng xạ khuẩn (vùng rễ cây khoai lang) có triển vọng trong quản lý bệnh héo xanh cây khoai lang do vi khuẩn Ralstonia solanacearum gây ra 
650 |a Cây khoai lang,Sweet potatoes 
910 |b nthai 
980 |a Trung tâm Học liệu Trường Đại học Cần Thơ